| 000 | 01510nam a22003974a 4500 | ||
|---|---|---|---|
| 001 | ebr10112822 | ||
| 003 | CaPaEBR | ||
| 006 | m u | ||
| 007 | cr cn||||||||| | ||
| 008 | 031003s2003 xxua sb 001 0 eng | ||
| 010 | _z 2003277976 | ||
| 020 | _z0738429457 (pbk.) | ||
| 040 |
_aCaPaEBR _cCaPaEBR |
||
| 035 | _a(OCoLC)191662382 | ||
| 050 | 1 | 4 |
_aHE7551 _b.L68 2003eb |
| 082 | 0 | 4 |
_a004.692 _222 |
| 245 | 0 | 0 |
_aLotus Domino 6 spam survival guide for IBM eserver _h[electronic resource] / _c[Tommi Tulisalo ... et al.]. |
| 250 | _a1st ed. | ||
| 260 |
_a[United States?] : _bIBM, International Technical Support Organization, _c2003. |
||
| 300 |
_ax, 104 p. : _bill. |
||
| 490 | 1 | _aIBM redbooks | |
| 500 | _a"January 2003." | ||
| 500 | _a"SG24-6930-00." | ||
| 504 | _aIncludes bibliographical references and index. | ||
| 533 |
_aElectronic reproduction. _bPalo Alto, Calif. : _cebrary, _d2013. _nAvailable via World Wide Web. _nAccess may be limited to ebrary affiliated libraries. |
||
| 630 | 0 | 0 | _aLotus Domino. |
| 650 | 0 | _aSpam (Electronic mail) | |
| 650 | 0 | _aInternet fraud. | |
| 650 | 0 | _aIBM computers. | |
| 655 | 7 |
_aElectronic books. _2local |
|
| 700 | 1 | _aTulisalo, Tommi. | |
| 710 | 2 |
_aInternational Business Machines Corporation. _bInternational Technical Support Organization. |
|
| 710 | 2 | _aebrary, Inc. | |
| 830 | 0 | _aIBM redbooks. | |
| 856 | 4 | 0 |
_uhttp://site.ebrary.com/lib/rucke/Doc?id=10112822 _zAn electronic book accessible through the World Wide Web; click to view |
| 999 |
_c210726 _d210726 |
||